Rendiconto dell'adunanza generale dei signori socj [sic] dell'Opera Pia dei Riformatori pei Giovanni nella provincia di Milano (Registro nro. 163300)

Detalles MARC
000 -LEADER
campo de control de longitud fija 01041nam a22001935i 4500
001 - NÚMERO DE CONTROL
campo de control 163300
003 - IDENTIFICADOR DE NÚMERO DE CONTROL
campo de control ES-MaACL
005 - FECHA Y HORA DE LA ÚLTIMA TRANSACCIÓN
campo de control 20250831124011.0
008 - DATOS DE LONGITUD FIJA--INFORMACIÓN GENERAL
campo de control de longitud fija 050714s1878 it | |||||||| ||ita d
040 ## - FUENTE DE CATALOGACIÓN
Centro catalogador/agencia de origen CAM
Lengua de catalogación spa
Centro/agencia transcriptor CAM
245 00 - MENCIÓN DEL TÍTULO
Título Rendiconto dell'adunanza generale dei signori socj [sic] dell'Opera Pia dei Riformatori pei Giovanni nella provincia di Milano
Resto del título : tenutasi il 30 diciembre 1877.
260 ## - PUBLICACIÓN, DISTRIBUCIÓN, ETC.
Lugar de publicación, distribución, etc. Milano :
Nombre del editor, distribuidor, etc. [s.n.],
Fecha de publicación, distribución, etc. 1878 (
Fabricante Tipografia del Patronato)
300 ## - DESCRIPCIÓN FÍSICA
Extensión 48 p., [2] h. pleg. ;
Dimensiones 22 cm.
650 #4 - PUNTO DE ACCESO ADICIONAL DE MATERIA--TÉRMINO DE MATERIA
Término de materia o nombre geográfico como elemento de entrada Jovenes delincuentes-
Subdivisión general Rehabilitación-
Subdivisión geográfica Italia.
9 (RLIN) 143335
650 #7 - PUNTO DE ACCESO ADICIONAL DE MATERIA--TÉRMINO DE MATERIA
Término de materia o nombre geográfico como elemento de entrada Reformatorios-
Subdivisión geográfica Italia
Fuente del encabezamiento o término
9 (RLIN) 136815
710 2# - ENTRADA AGREGADA--NOMBRE DE ENTIDAD CORPORATIVA
Nombre de entidad corporativa o nombre de jurisdicción como elemento de entrada Opera Pia dei Riformatori pei Giovanni (Milano)
9 (RLIN) 143336
852 ## - LOCALIZACIÓN
Ubicación ES-MaACL
Número de control de estantería D-258(1)
Nota libre -- Enc. hol., falto de la cub. original
-- -- Donativo del Sr. Lastres al Ateneo de Madrid (1907)
-- -- Enc. en un vol. facticio, formando parte de la colección facticia "Estudios penitenciarios". Este vol. lleva el tít.: Educación correccional de la juventud
Existencias
Estatus retirado Estado de pérdida Estado de daño No para préstamo Colección Biblioteca de origen Biblioteca actual Ubicación en estantería Fecha de adquisición Total de préstamos Signatura topográfica completa Código de barras Visto por última vez Precio de reemplazo Tipo de ítem Koha
        Libros del s. XIX Biblioteca del Ateneo de Madrid Biblioteca del Ateneo de Madrid Sala Valle Inclán 17/01/2008   D-258(1) 901171121 23/02/2023 23/02/2023 Libro impreso antiguo